000 00757nam a2200229 a 4500
003 MX-MxUPN
005 20240612134136.0
008 991125s1931 sp r 000 0 spa d
035 _aUPN01000004410
040 _aMX-MxUPN
_bspa
_cMX-MxUPN
041 0 _aspa
050 1 4 _aLB1589 E5
_bM33 1931
100 1 _aMartí Alpera, Félix,
_d1875-1946
_937390
245 1 0 _aAritmética, geometría y trabajo manual
250 _aSegunda edición renovada.
260 _aMadrid :
_bRevista de Pedagogía,
_c1931.
300 _a176 páginas
650 4 _aAritmética
_xEstudio y enseñanza
_97853
650 4 _aGeometría
_xEstudio y enseñanza (Elemental)
_94869
710 2 _aMuseo Pedagógico Nacional (México)
_951335
_epropietario anterior
942 _2lcc
_cLIBRO
999 _c4410
_d4410